• 首页
  • 本馆介绍
  • 公告通知
  • 最新文献
  • 馆藏检索
  • 电子资源
  • 读者导购
  • 参考咨询
  • 我的图书馆
  • 登录
  • 详细信息显示
  • 放入我的书架
  • 预约/预借图书
  • 作者相关作品
  • 分类相关作品
  • 丛书相关作品
  • 出版社相关作品

书目信息

  • 表格格式
  • 工作单格式
  • 卡片格式
题名:
莫桑比克
    
 
作者: 格斯多夫 著 ;上海师范大学外语系莫桑比克翻译小组 译
分册:  
出版信息: 上海   上海人民出版社  1975
页数: 260页
开本: 20cm
丛书名:
单 册:
中图分类: K471.0
科图分类:
主题词: 南非--莫桑比克--历史
电子资源:
ISBN:
000 00737nam0 2200229 45
001 0175003128
005 20061115161239.35
010    @dCNY0.84
100    @a19951025d1975 em y0chiy0121 ea
101 1  @achi@cger
102    @aCN@b310000
105    @ay z 000yy
200 10 @a莫桑比克@Amo sang bi ke@f(东德)R.V.格斯多夫著@g上海师范大学外语系《莫桑比克》翻译小组译
210    @a上海@c上海人民出版社@d1975
215    @a260页@d20cm
606    @a南非@y莫桑比克@x历史
690    @aK471.0@v3
701  1 @a格斯多夫@Age si duo fu@bR.V.@4著
712 02 @a上海师范大学外语系莫桑比克翻译小组@Ashang hai shi fan da xue wai yu xi mo sang bi ke fan yi xiao zu@4译
801  2 @aCN@bNLC@c20061115
801  0 @aCN@bTSSF
905    @a10447@dK471.0@e4
    
    莫桑比克/(东德)R.V.格斯多夫著/上海师范大学外语系《莫桑比克》翻译小组译.-上海:上海人民出版社,1975
    260页;20cm
    
    
    ISBN :CNY0.84
    
●
相关链接 在E读中查询图书 在五车中查询图书 在当当中查询图书 在豆瓣中查询图书


正题名:莫桑比克     索取号:K471.0/4         预约/预借

序号 登录号 条形码 馆藏地/架位号 状态 备注
1 0228424   001396233   第二样本阅览室/ [索取号:K471.0/4] 在馆    
唐山师范学院图书馆 欢迎您!
大连网信软件有限公司© 版权所有